Vincitori Premio valore musical-letterario del Festival di Sanremo - Statistics

Statistiche generali
  • Questo quiz è stato fatto 44 volte
  • Il punteggio medio è 5 su 8
Statistiche sulle risposte
Anno Vincitore Premio valore musical-letterario Canzone vincitrice % Corretto
2020 Diodato Fai rumore
94%
2018 Ultimo Il ballo delle incertezze
78%
2021 Madame Voce
67%
2023 Coma_Cose L'addio
61%
2019 Enrico Nigiotti Nonno Hollywood
53%
2024 Negramaro Ricominciamo tutto
53%
2022 Giovanni Truppi Tuo padre, mia madre, Lucia
39%
2017 Maldestro Canzone per Federica
31%
Nessun quiz corrispondente trovato
Distribuzione punteggi
Percentuale di utenti per punteggio
Percentile per numero di risposta
I tuoi punteggi nel tempo
Non hai fatto questo quiz